Bibliotecas universitarias argentinas : sus capacidades operativas e institucionales /
Guardado en:
| Autor Principal: | |
|---|---|
| Autor Corporativo: | |
| Formato: | Libro |
| Idioma: | Spanish |
| Publicado: |
Buenos Aires :
Ministerio de Cultura y Educación, Secretaría de Políticas Universitarias,
1995.
|
| Edición: | 1. ed. |
| Series: | Serie Estudios y propuestas
|
| Materias: | |
| Etiquetas: |
Agregar Etiqueta
Sin Etiquetas, Sea el primero en etiquetar este registro!
|
| LEADER | 00965nam a22002415a 4500 | ||
|---|---|---|---|
| 001 | EIQ.libpla000138 | ||
| 008 | 960806s1995####ag#a#####b###f000#0#spa#d | ||
| 005 | 20080925161729.0 | ||
| 245 | 1 | 0 | |a Bibliotecas universitarias argentinas : |b sus capacidades operativas e institucionales / |c Luis Herrera. |
| 250 | |a 1. ed. | ||
| 260 | |a Buenos Aires : |b Ministerio de Cultura y Educación, Secretaría de Políticas Universitarias, |c 1995. | ||
| 300 | |a 109 p. : |b il. ; |c 22 cm. | ||
| 440 | 0 | |a Serie Estudios y propuestas | |
| 504 | |a Incluye referencias bibliográficas (p. 93). | ||
| 100 | 1 | |a Herrera, Luis. | |
| 710 | 1 | |a Argentina. |b Ministerio de Cultura y Educación. |b Secretaría de Políticas Universitarias. | |
| 043 | |a s-ag--- | ||
| 082 | 0 | 0 | |a 027.7/0982 |2 21 |
| 650 | 0 | |a Bibliotecas universitarias |z Argentina. | |
| 650 | 4 | |a Academic libraries |z Argentina. | |
| 010 | |a 96177257 | ||
| 040 | |a DLC |c DLC |d AR-BbSID | ||
| 859 | |a AR-BbSID |b BIB. PLAPIQUI |h 378.053 |i Herr 434 |p 4467 | ||
